000 00454nam a2200181Ia 4500
008 230524s9999 xx 000 0 und d
020 _a9788177585568
082 _a5.133
_bDAT
100 _aC.J.Date
245 3 _aAn Introduction to Database Systems
250 _a1ST
260 _aNEW DELHI
_bPearson
_c2002
300 _aXII;938
500 _aQuantity Number: 27
650 _aComp-Sc
700 _a" A.Kannan , S.Swamynathan,,,"
942 _cBK
999 _c14708
_d14708